Schaum's outline of modern introductory differential equations : withy Laplace transforms, numerical methods, matrix methods, eigenvalue problems

Αποθηκεύτηκε σε:
Λεπτομέρειες βιβλιογραφικής εγγραφής
Κύριος συγγραφέας: Bronson, Richard
Μορφή: Βιβλίο
Γλώσσα:English
Δημοσίευση: New York : McGraw-Hill, c1973.
Σειρά:Schaum's outline series
Θέματα:
Ετικέτες: Προσθήκη ετικέτας
Δεν υπάρχουν, Καταχωρήστε ετικέτα πρώτοι!

MARC

LEADER 00000cam a2200000 i 4500
001 1/45679
008 980522s1973 nyu| ||| |||| ||eng||
020 |a 007008009- 
035 |l 10042603 
040 |a GR-MyUA  |b gre  |e AACR2 
041 0 |a eng 
082 0 |a 515.35 
100 1 |a Bronson, Richard. 
245 1 0 |a Schaum's outline of modern introductory differential equations :   |b withy Laplace transforms, numerical methods, matrix methods, eigenvalue problems /   |c by Richard Bronson.  
246 3 3 |a Modern introductory differential equations 
260 |a New York :   |b McGraw-Hill,   |c c1973.  
300 |a 306 σ. ;   |c 28 εκ.  
490 1 |a (Schaum's outline series)  
500 |a Cover title: Modern introductory differential equations 
650 0 0 |a Differential equations. 
767 0 8 |i Μεταφρασμένο ως:   |t Εισαγωγή στις διαφορικές εξισώσεις /  
830 0 |a Schaum's outline series 
852 |a INST  |b SAMOS  |e 19980522  |h 515.35 BRO  |p 005300011408  |q 005300011408  |t BK  |y 0 
901 |a BIBL-1998-2 
909 |a Σ  |b 050424 
922 |a 3ΕΛΗ  |b 199707  |c Δωρεά  |d Τζαφέρης